| 000 | 00502nam a2200181Ia 4500 | ||
|---|---|---|---|
| 005 | 20250424143136.0 | ||
| 008 | 231217s9999 xx 000 0 und d | ||
| 020 | _a9780750682091 | ||
| 082 | _a621.384 DOB;1 | ||
| 100 | _aDobkin, Daniel M | ||
| 245 | 0 | _aRF in RFID: passive UHF RFID in practice | |
| 260 |
_c2007 _bElsevier _aOxford |
||
| 300 | _aix+493 | ||
| 400 | _aCommunications engineering series | ||
| 500 | _aContent page available | ||
| 650 | _aRF,RFID:,passive,UHF,RFID | ||
| 942 | _cAA | ||
| 999 |
_c180061 _d180061 |
||